| 000 | 00389nam a2200157Ia 4500 | ||
|---|---|---|---|
| 008 | 230917s9999||||xx |||||||||||||| ||und|| | ||
| 040 |
_e186199 _aMAIN |
||
| 041 | _aEnglish | ||
| 082 | _a005.133 O1P(2) | ||
| 100 | _aOualline, Steve | ||
| 245 | 0 | _aPractical C++ programming | |
| 250 | _a2nd ed. | ||
| 260 |
_aNew Delhi _bShroff Publishers _c2003 |
||
| 300 | _axv, 549 p. | ||
| 942 | _cBK | ||
| 999 |
_c161988 _d161988 |
||